| Tag |
First Indicator |
Second Indicator |
Subfields |
| LEADER |
00000cem a2200000 a 4500 |
| 001 |
in00000857049 |
| 005 |
20151019073917.0 |
| 007 |
aj canzn |
| 008 |
860220s1985 vaug bh a f 1 eng d |
| 010 |
|
|
|a gp 86010300
|
| 034 |
1 |
|
|a a
|b 100000
|d W0970000
|e W0960000
|f N0490000
|g N0483000
|
| 035 |
|
|
|a (OCoLC)13194067
|
| 035 |
|
|
|9 AEE3460AM
|
| 040 |
|
|
|a GPO
|c GPO
|d UtOrBLW
|
| 052 |
|
|
|a 4140
|
| 074 |
|
|
|a 619-G-25
|
| 086 |
0 |
|
|a I 19.110:48096-E 1-PL-100
|
| 090 |
|
|
|a G3701.A1 s100 .U5
|
| 110 |
2 |
|
|a Geological Survey (U.S.)
|
| 245 |
1 |
0 |
|a Hallock, Minnesota :
|b 1:100 000-scale planimetric map 30 x 60 minute series (planimetric) /
|c produced by the United States Geological Survey.
|
| 255 |
|
|
|a Scale 1:100,000 ;
|b universal transverse Mercator proj.
|c (W 9700ʹ--W 9600ʹ/N 4900ʹ--N 4830ʹ).
|
| 264 |
|
1 |
|a Reston, Va. :
|b The Survey :
|c 1985.
|
| 264 |
|
2 |
|a Reston, Va. :
|b For sale by the USGS,
|
| 300 |
|
|
|a 1 map :
|b color ;
|c 61 x 102 cm.
|
| 336 |
|
|
|a cartographic image
|b cri
|2 rdacontent
|
| 337 |
|
|
|a unmediated
|b n
|2 rdamedia
|
| 338 |
|
|
|a sheet
|b nb
|2 rdacarrier
|
| 500 |
|
|
|a Relief shown by spot heights.
|
| 500 |
|
|
|a Map edited and printed 1985.
|
| 500 |
|
|
|a Includes location map and index to adjoining maps.
|
| 500 |
|
|
|a Cartographic material.
|
| 651 |
|
0 |
|a Minnesota
|x Maps.
|
| 999 |
|
|
|a MARS
|
| 999 |
f |
f |
|s c11e2ed7-75d7-3ed4-a5b7-497fa6188fd3
|i cf277253-97c8-395c-8130-576bb5875569
|t 0
|
| 952 |
f |
f |
|p normal
|a Texas A&M University
|b College Station
|c Sterling C. Evans Library
|d Evans: Maps (2nd floor)
|t 0
|e G3701.A1 s100 .U5
|h Library of Congress classification
|i unmediated -- sheet
|m A14818137779
|
| 998 |
f |
f |
|a G3701.A1 s100 .U5
|t 0
|l Evans: Maps (2nd floor)
|